000 00961namaa2200301 a 4500
001 vtls000178060
003 NLI
005 20210602105709.0
008 101125s1962 nyua 001 0 eng
020 _cUSD 6.50
039 9 _y201011252143
_zVLOAD
040 _aNLI
_cVTLS-2010
_eAACR2
041 0 _aeng
044 _anyu
082 0 4 _a372.7
100 1 _aThorpe, Cleata B.
_9344157
245 1 0 _aTeaching elementary arithmetic /
_cCleata B. Thorpe
260 _aNew York :
_bHarper & Brothers,
_cc1962
300 _axiii, 412 p. :
_billus. ;
_c22 cm.
440 0 _aHarper's series on teaching
_9325793
504 _aIncludes bibliographical references and index
650 0 _aArithmetic
_xStudy and teaching (Elementary)
_9342279
887 _a
901 _a375502
_b29.6.62
902 _aE 372.7 T 398
942 _2ddc
_cBKS
999 _aVIRTUA40
_c182103
_d182103
999 _aVTLSSORT0080*0200*0400*0410*0440*0820*1000*2450*2600*3000*4400*5040*6500*9010*9020*9490*9991